000 00377nam a2200169Ia 4500
008 230711s9999||||xx |||||||||||||| ||und||
041 _aENG
082 _a720
_bRO-R
100 _aRobinson,Paula
245 4 _aThe room planner
250 _a1st
260 _c2005
_aLondon
_bE Bury Press
300 _a288
650 _aArchitecture
700 _aRobinson,Phil
942 _cBK
999 _c5368
_d5368